| 000 | 00497nam a2200181Ia 4500 | ||
|---|---|---|---|
| 008 | 240925s9999 xx 000 0 und d | ||
| 020 | _a675211700 | ||
| 082 | _a621.38153 CAL | ||
| 100 | _aMcCalla ,Thomas Richard | ||
| 245 | 0 | _aDigital Logic and Computer Design | |
| 250 | _aNA | ||
| 260 |
_aCalifornia: _bBrooks/Cole Cengagae Learning _c,1992. |
||
| 300 |
_aviii,348p. _bNA _fOriginal |
||
| 500 | _aIncludes Index | ||
| 600 | _aEngineering Technology | ||
| 650 | _aTechnology | ||
| 942 | _cBK | ||
| 999 |
_c2624 _d2624 |
||